000 00332 a2200157 4500
001 69070
020 _a8575201794
040 _cAnchieta - Itaigara
240 1 0 _aA porquinha Nina
_lpor
245 1 0 _aA porquinha Nina
300 _a08
362 0 _a0
440 1 _aCiranda Cultural
650 4 _aLiteratura infantil
942 _cBK
999 _c69070
_d69070